000 00914nam1a22002531 4500
001 rc\3213579
005 20130115140346.6
035 _a(NLR Aleph) 007464362
090 _a7350356
_c7350356
100 _a20130115g1969 |||y0rusy50 ca
101 0 _arus
102 _aRU
105 _ay z |||||
200 1 _aАнглийский язык
_eПособие для студентов фак. культпросветработы
_eВып. 1-
_fМоск. гос. ин-т культуры. Кафедра иностр. яз.
210 _aМосква
_cБ. и.
_d1969-
215 _d20
606 _aАнглийский язык
_jУчебники и пособия
_2psbo
700 1 _aЖумаева
_bЛ. А.
_gЛюдмила Алексеевна
701 1 _aЗаглухинская
_bЕ. В.
801 0 _aRU
_bNLR
_gpsbo
801 1 _aRU
_bELAR
_2rusmarc
852 _aNLR
_j70-4/11210
942 _cBOOK
980 _aNB